000 00629nam a2200241Ia 4500
003 OSt
005 20221005122140.0
006 a|||||r|||| 00| 0
007 ta
008 221004b |||||||| |||| 00| 0 eng d
024 _a53728
037 _cTextual
040 _aCRL
_cCRL
_beng
041 _2eng
_aeng
082 _aT4:3:V1, J4
100 _aManning C A W
245 0 _aInternational relations
_b University of social sciences
260 _c1954
500 _a(Teaching in the social sciences)
650 _aEDUCATION
942 _hT4:3:V1, J4
_cTEXL
_2cc
999 _c1043416
_d1043416